Countries in FIFA World Cup 1990 - Statistics

General Stats
  • This quiz has been taken 59 times
  • The average score is 19 of 24
Answer Stats
Rank Country % Correct
Host (3rd Place) Italy
100%
Runners-Up (2nd Place) Argentina
98%
4th Place England
98%
Champions (1st Place) West Germany
98%
9th Place Brazil
87%
15th Place Netherlands
87%
21st Place Sweden
85%
7th Place Cameroon
83%
17th Place Soviet Union
83%
23rd Place United States
83%
11th Place Belgium
80%
22nd Place South Korea
80%
10th Place Spain
80%
5th Place Yugoslavia
80%
14th Place Colombia
78%
6th Place Czechoslovakia
76%
8th Place Ireland
76%
18th Place Austria
74%
20th Place Egypt
74%
18th Place Scotland
72%
16th Place Uruguay
72%
12th Place Romania
70%
13th Place Costa Rica
59%
24th Place United Arab Emirates
59%
No matching quizzes found
Score Distribution
Percent of People with Each Score
Percentile by Number Answered
Your Score History
You have not taken this quiz